[Event "4th Al Ain Chess Classic"]
[Site "Al-Ain UAE"]
[Date "2015.12.26"]
[Round "5.11"]
[White "Rakhmanov, Aleksandr"]
[Black "Zeng, Chongsheng"]
[Result "1/2-1/2"]
[WhiteTitle "GM"]
[BlackTitle "GM"]
[WhiteElo "2640"]
[BlackElo "2530"]
[WhiteFideId "4173708"]
[BlackFideId "8603847"]
[EventDate "2015.12.23"]

1. Nf3 Nf6 2. d4 e6 3. e3 b6 4. Bd3 Bb7 5. O-O c5 6. c4 g6 7. Nc3 Bg7 8. e4 cxd4
9. Nxd4 O-O 10. Ndb5 d6 11. Bf4 e5 12. Bg5 a6 13. Na3 h6 14. Bh4 Nbd7 15. Nc2 b5
16. cxb5 axb5 17. Nb4 g5 18. Bg3 Qb6 19. Re1 Nc5 20. Bc2 Na6 21. Nbd5 Nxd5 22.
Nxd5 Bxd5 23. Qxd5 Nb4 24. Qd2 Qd4 25. Qxd4 exd4 26. Bb3 Be5 27. Red1 Rfc8 28.
Rac1 Kg7 29. Rxc8 Rxc8 30. f3 Kf6 31. Bf2 d3 32. Be1 Nc2 33. Bf2 Nb4 34. Be1 Nc2
35. Bf2 Nd4 36. Bxd4 Bxd4+ 37. Kf1 Bxb2 38. Rxd3 Be5 39. g3 h5 40. Kg2 b4 41. h4
gxh4 42. f4 Bc3 43. Rxd6+ Ke7 44. Rb6 Rg8 45. Rb7+ Kd6 46. Rxf7 Rxg3+ 47. Kh2
Re3 48. e5+ Kc6 49. Rf6+ Kc7 50. Rf5 Be1 51. e6 Bg3+ 52. Kg2 h3+ 53. Kxh3 Bxf4+
54. Kg2 Bd6 55. Rxh5 Re5 56. Rh7+ Kc6 57. Kf3 Re1 58. Rh4 Kc7 59. Rc4+ Kd8 60.
Rc6 Ke7 61. Rb6 Bc5 62. Rb7+ Kf6 63. Rc7 Re3+ 64. Kg2 Re2+ 65. Kf1 Re5 66. Kg2
Re2+ 67. Kf3 Re3+ 68. Kg4 Re4+ 69. Kh5 Re5+ 70. Kg4 Re4+ 71. Kf3 Re3+ 72. Kg2
Re2+ 73. Kf1 Re5 74. Rf7+ Kg5 75. Bc2 Bd6 76. Rg7+ Kf4 77. Bb3 Bc5 78. Rf7+ Kg5
79. Rd7 Kf4 80. Rd3 Re3 81. Rd2 Re5 82. Rh2 Kg5 83. Rh7 Kg6 84. Rb7 Kg5 85. Rb5
Kf6 86. Kg2 Be7 87. Rb7 Bc5 88. Kf3 Kg5 89. Rb5 Kf6 90. Bc4 Kf5 91. Rb7 Re3+ 92.
Kg2 Re5 93. Bb3 1/2-1/2

[Event "4th Al Ain Chess Classic"]
[Site "Al-Ain UAE"]
[Date "2015.12.26"]
[Round "5.12"]
[White "Edouard, Romain"]
[Black "Vishnu Prasanna, V"]
[Result "1/2-1/2"]
[WhiteTitle "GM"]
[BlackTitle "GM"]
[WhiteElo "2627"]
[BlackElo "2514"]
[WhiteFideId "633429"]
[BlackFideId "5030692"]
[EventDate "2015.12.23"]

1. d4 Nf6 2. c4 g6 3. g3 c6 4. Bg2 d5 5. Qa4 Nfd7 6. Qc2 dxc4 7. Nf3 Bg7 8. O-O
Nb6 9. Rd1 O-O 10. h3 Na6 11. a3 Nc7 12. Nc3 Be6 13. e4 f5 14. d5 cxd5 15. exd5
Bxd5 16. Nxd5 Ncxd5 17. a4 a5 18. Qe2 Qd6 19. Ng5 c3 20. Qb5 Rfd8 21. Be3 cxb2
22. Rab1 Qc6 23. Bxb6 Qxb5 24. Bxd8 Qxa4 25. Bxd5+ Kh8 26. Nf7+ Kg8 27. Bxe7 h6
28. Nxh6+ Kh7 29. Nf7 Rc8 30. Ng5+ Kh6 31. Nf7+ 1/2-1/2

[Event "4th Al Ain Chess Classic"]
[Site "Al-Ain UAE"]
[Date "2015.12.26"]
[Round "5.13"]
[White "Hovhannisyan, Robert"]
[Black "Visakh N R"]
[Result "1/2-1/2"]
[WhiteTitle "GM"]
[BlackTitle "IM"]
[WhiteElo "2624"]
[BlackElo "2388"]
[WhiteFideId "13302507"]
[BlackFideId "25012223"]
[EventDate "2015.12.23"]

1. e4 e5 2. Nf3 Nc6 3. Nc3 Nf6 4. d4 exd4 5. Nxd4 Bb4 6. Nxc6 bxc6 7. Bd3 d5 8.
exd5 cxd5 9. O-O O-O 10. h3 c6 11. Qf3 Re8 12. Bf4 Bd6 13. Rfe1 Bxf4 14. Rxe8+
Qxe8 15. Qxf4 Be6 16. Re1 Qb8 17. Qxb8+ Rxb8 18. b3 c5 19. Bf1 Kf8 20. f3 Bd7
21. g4 h6 22. h4 Bc6 23. g5 hxg5 24. hxg5 Nh5 25. Kf2 Nf4 26. Ne2 Ne6 27. f4 Bb5
28. Kg3 Bxe2 29. Bxe2 Nd4 30. Bd3 c4 31. bxc4 dxc4 32. Bxc4 Nxc2 33. Re2 Nd4 34.
Re4 Nf5+ 35. Kf3 Rd8 36. Re5 g6 37. Ra5 Rd7 38. Ra3 Re7 39. Rd3 Kg7 40. Bb3 Kf8
41. Ba4 Kg7 42. Bd7 f6 43. Bxf5 gxf5 44. gxf6+ Kxf6 45. Ra3 Ke6 46. Ra5 Rh7 47.
Ke3 Rh1 48. Rxa7 Re1+ 49. Kf2 Rc1 50. Ra5 Rc3 51. Kg2 Rd3 52. Ra8 Rc3 53. Ra5
Rd3 54. Kf2 Rc3 55. a3 Rb3 56. Re5+ Kf6 57. Ra5 Kg6 58. Ke2 Kh5 59. a4 Ra3 60.
Rxf5+ Kg4 61. Ra5 Kxf4 62. Kd2 Ke4 63. Kc2 Kd4 64. Kb2 Rh3 65. Rf5 Kc4 66. a5
Kb4 67. a6 Rb3+ 68. Kc2 Rc3+ 69. Kb2 Rb3+ 70. Kc2 Rc3+ 1/2-1/2

[Event "4th Al Ain Chess Classic"]
[Site "Al-Ain UAE"]
[Date "2015.12.26"]
[Round "5.14"]
[White "Babujian, Levon"]
[Black "Onischuk, Vladimir"]
[Result "1/2-1/2"]
[WhiteTitle "GM"]
[BlackTitle "GM"]
[WhiteElo "2465"]
[BlackElo "2612"]
[WhiteFideId "13301993"]
[BlackFideId "14114038"]
[EventDate "2015.12.23"]

1. d4 d6 2. e4 Nf6 3. Nc3 g6 4. Be3 c6 5. Qd2 Nbd7 6. Nf3 e5 7. O-O-O Qe7 8. h3
a6 9. g4 Bg7 10. a3 b5 11. Be2 Bb7 12. dxe5 dxe5 13. Nh4 h6 14. g5 hxg5 15. Bxg5
Nc5 16. Bg4 a5 17. Qe3 b4 18. Ne2 bxa3 19. Qxa3 Bh6 20. Bxh6 Rxh6 21. Nf3 Ncxe4
22. Qe3 Rh8 23. Nc3 Nxc3 24. Qxc3 Nxg4 25. hxg4 Rxh1 26. Rxh1 O-O-O 27. Nxe5 Qe6
28. Re1 Qf6 29. Qe3 a4 30. g5 Qe6 31. Kb1 Rd5 32. f4 c5 33. Qc3 Ba6 34. Qa5 Kb7
35. Qxa4 Rd4 36. Qa5 Qd6 37. Re3 Rxf4 38. Rb3+ Rb4 39. Nxf7 Qd1+ 40. Ka2 Qd5 41.
Nd8+ Ka7 42. c4 Qd6 43. Nf7 Qc6 44. Rxb4 cxb4 45. Ne5 Qd6 46. Qd5 Bxc4+ 47. Qxc4
Qxe5 48. Qf7+ Kb8 49. Qxg6 Qd5+ 50. b3 Qd2+ 51. Kb1 Qd1+ 52. Kb2 Qd2+ 1/2-1/2

[Event "4th Al Ain Chess Classic"]
[Site "Al-Ain UAE"]
[Date "2015.12.26"]
[Round "5.15"]
[White "Amin, Bassem"]
[Black "Gasanov, Eldar"]
[Result "1/2-1/2"]
[WhiteTitle "GM"]
[BlackTitle "GM"]
[WhiteElo "2665"]
[BlackElo "2485"]
[WhiteFideId "10601457"]
[BlackFideId "14104466"]
[EventDate "2015.12.23"]

1. e4 e5 2. Nf3 Nc6 3. Bc4 Nf6 4. d3 Be7 5. O-O O-O 6. Re1 d6 7. a4 Be6 8. a5 a6
9. h3 d5 10. exd5 Bxd5 11. Bxd5 Qxd5 12. Nc3 Qd6 13. Nxe5 Nxe5 14. Bf4 Nfd7 15.
d4 f6 16. dxe5 fxe5 17. Bg3 Rad8 18. Qe2 c6 19. Qc4+ Kh8 20. Rad1 Qg6 21. Rd3
Qf5 22. Red1 Nf6 23. Rxd8 Bxd8 24. Qb4 Nh5 25. Rd3 e4 26. Nxe4 Bxa5 27. Qa3 Re8
28. Rf3 Qd5 29. c4 Qd8 30. Nd6 Nxg3 31. fxg3 Bb6+ 32. Kh2 Re1 33. h4 Bg1+ 34.
Kh3 Qd7+ 35. g4 h5 36. Nf7+ Kg8 37. Nh6+ Kh7 38. Qf8 Re8 39. Qf5+ Qxf5 40. Nxf5
hxg4+ 41. Kxg4 Re4+ 42. Kg5 Rxc4 43. Rd3 Rc2 44. g4 Bh2 45. Rd7 Be5 46. Kh5 Rf2
47. b3 b5 48. Nh6 Rf6 49. g5 Re6 50. Nf5 Re8 51. Kg4 a5 52. h5 Kh8 53. g6 Ra8
54. h6 gxh6 55. Kh5 a4 56. Rh7+ Kg8 57. Rf7 Kh8 58. Nxh6 Bg7 59. Nf5 Rf8 60.
bxa4 bxa4 61. Nd4 a3 62. Nc2 Rxf7 63. gxf7 a2 64. Kg6 Bf8 65. Na1 Bg7 66. Nc2 c5
67. Na1 c4 68. Nc2 1/2-1/2

[Event "4th Al Ain Chess Classic"]
[Site "Al-Ain UAE"]
[Date "2015.12.26"]
[Round "5.16"]
[White "Kravtsiv, Martyn"]
[Black "Petrosyan, Tigran S."]
[Result "1-0"]
[WhiteTitle "GM"]
[BlackTitle "IM"]
[WhiteElo "2623"]
[BlackElo "2469"]
[WhiteFideId "14113147"]
[BlackFideId "13303678"]
[EventDate "2015.12.23"]

1. e4 e5 2. Nf3 Nc6 3. Bc4 Bc5 4. c3 Nf6 5. d4 exd4 6. e5 d5 7. Bb5 Ne4 8. cxd4
Bb6 9. Be3 O-O 10. Nc3 Bg4 11. h3 Bh5 12. Qc2 Nxc3 13. bxc3 f6 14. Bxc6 bxc6 15.
exf6 Qxf6 16. Ne5 Qd6 17. O-O c5 18. f4 c4 19. Kh1 Bg6 20. f5 Be8 21. Rae1 Rb8
22. Bf4 Qd8 23. Bc1 Rc8 24. Ba3 c5 25. Qf2 Qc7 26. Qg3 Qd6 27. dxc5 Bxc5 28. f6
Bg6 29. Bxc5 Rxc5 30. Nxg6 Qxg3 31. f7+ 1-0

[Event "4th Al Ain Chess Classic"]
[Site "Al-Ain UAE"]
[Date "2015.12.26"]
[Round "5.17"]
[White "Oleksiyenko, Mykhaylo"]
[Black "Azaladze, Shota"]
[Result "1-0"]
[WhiteTitle "GM"]
[BlackTitle "IM"]
[WhiteElo "2616"]
[BlackElo "2468"]
[WhiteFideId "4152417"]
[BlackFideId "13603027"]
[EventDate "2015.12.23"]

1. e4 g6 2. d4 Bg7 3. Nc3 c6 4. f4 d5 5. e5 Nh6 6. Nf3 Bg4 7. h3 Bxf3 8. Qxf3 f6
9. Bd3 O-O 10. exf6 exf6 11. f5 Nxf5 12. Bxf5 gxf5 13. O-O Qb6 14. Ne2 Nd7 15.
Be3 Qxb2 16. Ng3 Rf7 17. Nxf5 Qa3 18. Qh5 Nf8 19. Bh6 Ng6 20. Rae1 Qf8 21. Bxg7
Rxg7 22. Nxg7 Qxg7 23. Qf5 Rf8 24. Qe6+ Kh8 25. c3 Qf7 26. Qg4 f5 27. Qg5 Qf6
28. Qxf6+ Rxf6 29. g4 f4 30. Kf2 Kg7 31. h4 Kf7 32. h5 Nf8 33. g5 Rf5 34. Rg1
Ne6 35. g6+ hxg6 36. hxg6+ Kf6 37. Rxe6+ 1-0

[Event "4th Al Ain Chess Classic"]
[Site "Al-Ain UAE"]
[Date "2015.12.26"]
[Round "5.18"]
[White "Omar, Noaman"]
[Black "Volkov, Sergey"]
[Result "0-1"]
[WhiteTitle "IM"]
[BlackTitle "GM"]
[WhiteElo "2403"]
[BlackElo "2612"]
[WhiteFideId "9300244"]
[BlackFideId "4122763"]
[EventDate "2015.12.23"]

1. d4 d5 2. c4 e6 3. Nf3 c6 4. Bg5 f6 5. Bd2 Bd6 6. Qc2 f5 7. e3 Nf6 8. Bd3 Ne4
9. O-O Nd7 10. Be1 O-O 11. Nfd2 Rf6 12. f3 Rh6 13. g3 Qg5 14. fxe4 Qh5 15. Rf2
Bxg3 16. Nf1 Bxf2+ 17. Qxf2 dxe4 18. Be2 Rg6+ 19. Ng3 Qh3 20. Nc3 Nf6 21. Rd1
Bd7 22. Bf1 Qh6 23. h3 Nh5 24. Ne2 Rf8 25. Bb4 f4 26. Bg2 Nxg3 27. Nxg3 e5 28.
dxe5 Rxg3 29. exf4 Qxh3 30. Be1 Rg6 31. Kf1 Qg4 0-1

[Event "4th Al Ain Chess Classic"]
[Site "Al-Ain UAE"]
[Date "2015.12.26"]
[Round "5.19"]
[White "Adly, Ahmed"]
[Black "Labib, Ibrahim Hasan"]
[Result "1-0"]
[WhiteTitle "GM"]
[BlackTitle "IM"]
[WhiteElo "2598"]
[BlackElo "2434"]
[WhiteFideId "10601619"]
[BlackFideId "10600426"]
[EventDate "2015.12.23"]

1. Nf3 Nf6 2. c4 b6 3. g3 Bb7 4. Bg2 c5 5. O-O d6 6. d4 cxd4 7. Qxd4 Nbd7 8. Nc3
a6 9. Rd1 g6 10. Bh3 Rc8 11. Nd5 Bg7 12. Bxd7+ Qxd7 13. Nxb6 Qh3 14. Nxc8 Qxc8
15. Bg5 h6 16. Bxf6 Bxf6 17. Qe3 Kf8 18. c5 dxc5 19. Rac1 Kg7 20. Rxc5 Qh3 21.
Rc7 Rb8 22. Rxe7 Bxf3 23. exf3 Rxb2 24. Rc7 Qf5 25. Qe8 1-0

[Event "4th Al Ain Chess Classic"]
[Site "Al-Ain UAE"]
[Date "2015.12.26"]
[Round "5.20"]
[White "Azarov, Sergei"]
[Black "Hossain, Enamul"]
[Result "1-0"]
[WhiteTitle "GM"]
[BlackTitle "GM"]
[WhiteElo "2595"]
[BlackElo "2450"]
[WhiteFideId "13501470"]
[BlackFideId "10200649"]
[EventDate "2015.12.23"]

1. e4 c5 2. Nf3 e6 3. d4 cxd4 4. Nxd4 Nc6 5. Nc3 Qc7 6. Be2 a6 7. O-O b5 8. Nxc6
dxc6 9. Bd3 Bd6 10. Kh1 Nf6 11. Bg5 h5 12. f4 e5 13. f5 Bb7 14. a4 Bc5 15. Qe2
h4 16. h3 Be7 17. Qe1 Nd7 18. Bxe7 Kxe7 19. b4 Nf6 20. Nb1 Qd6 21. Kh2 Qd4 22.
Ra3 Rad8 23. Nd2 Qxb4 24. Rb3 Qc5 25. Nf3 Rh6 26. Kh1 Qd6 27. Nxh4 c5 28. axb5
c4 29. Bxc4 Bxe4 30. bxa6 Qc5 31. Bd3 Ba8 32. Rb5 Qc6 33. Qxe5+ Kf8 34. Rb8 Re8
35. Bb5 1-0

[Event "4th Al Ain Chess Classic"]
[Site "Al-Ain UAE"]
[Date "2015.12.26"]
[Round "5.21"]
[White "Baghdasaryan, Vahe"]
[Black "Andriasian, Zaven"]
[Result "1/2-1/2"]
[WhiteTitle "IM"]
[BlackTitle "GM"]
[WhiteElo "2432"]
[BlackElo "2594"]
[WhiteFideId "13303139"]
[BlackFideId "13302000"]
[EventDate "2015.12.23"]

1. Nf3 Nf6 2. c4 g6 3. Nc3 Bg7 4. e4 d6 5. g3 Bg4 6. h3 Bxf3 7. Qxf3 Nc6 8. Bg2
Nd7 9. d3 Rb8 10. Qd1 Nd4 11. Be3 c5 12. Rb1 O-O 13. O-O a6 14. Qd2 b5 15. cxb5
Nxb5 16. Nxb5 Rxb5 17. d4 cxd4 18. Bxd4 Bxd4 19. Qxd4 Qb6 20. Qxb6 Rxb6 21. Rfc1
e5 22. Rc7 Nc5 23. b3 Ra8 24. Rd1 a5 25. f4 Ne6 26. Rd7 a4 27. R7xd6 Rxd6 28.
Rxd6 axb3 29. axb3 exf4 30. gxf4 Nxf4 31. Bf1 Rb8 32. Rf6 Ne6 33. Bc4 Kg7 34. e5
h5 35. Kf2 Rb7 1/2-1/2

[Event "4th Al Ain Chess Classic"]
[Site "Al-Ain UAE"]
[Date "2015.12.26"]
[Round "5.22"]
[White "Kulaots, Kaido"]
[Black "Mu, Ke"]
[Result "0-1"]
[WhiteTitle "GM"]
[WhiteElo "2574"]
[BlackElo "2403"]
[WhiteFideId "4500261"]
[BlackFideId "8602778"]
[EventDate "2015.12.23"]

1. e4 e6 2. d4 d5 3. Nd2 Nc6 4. Ngf3 Nf6 5. e5 Nd7 6. Be2 f6 7. exf6 Qxf6 8. Nf1
Bd6 9. Ne3 O-O 10. O-O Qf7 11. c4 Nf6 12. c5 Bf4 13. g3 Bh6 14. Ng2 Bxc1 15.
Rxc1 Ne4 16. Nf4 Qf6 17. h4 Bd7 18. Bb5 Qh6 19. Ng5 Rxf4 20. gxf4 Qxh4 21. Nxe4
dxe4 22. Rc3 a6 23. Ba4 Qxf4 24. Rg3 Rd8 25. Qg4 Qf6 26. Qxe4 Nxd4 27. Bxd7 Rxd7
28. Kg2 Nf5 29. Rd3 Qg6+ 30. Kh2 Rxd3 31. Qxd3 Qh6+ 32. Qh3 Qf4+ 33. Kh1 h6 34.
Qg2 Nh4 35. Qg3 Qe4+ 36. f3 Nf5 37. Qxc7 0-1

[Event "4th Al Ain Chess Classic"]
[Site "Al-Ain UAE"]
[Date "2015.12.26"]
[Round "5.23"]
[White "Bajarani, Ulvi"]
[Black "Yogit, S"]
[Result "1-0"]
[WhiteTitle "GM"]
[WhiteElo "2551"]
[BlackElo "2239"]
[WhiteFideId "13403028"]
[BlackFideId "5009332"]
[EventDate "2015.12.23"]

1. d4 Nf6 2. c4 e6 3. Nc3 Bb4 4. Qc2 c5 5. a3 Bxc3+ 6. Qxc3 cxd4 7. Qxd4 Nc6 8.
Qd3 O-O 9. Nf3 e5 10. e4 h6 11. Be2 Qe7 12. O-O d6 13. Rd1 Ne8 14. b4 f5 15. b5
Nd8 16. c5 fxe4 17. Qxe4 dxc5 18. Bc4+ Be6 19. Qxe5 Nc7 20. Bb2 Qf7 21. Qxc5
Bxc4 22. Rdc1 Bxb5 23. Qxc7 Nc6 24. Qg3 Rae8 25. Rc5 Bd3 26. Ne5 Nxe5 27. Bxe5
Qg6 28. Qxg6 Bxg6 29. f4 Be4 30. Re1 Bc6 31. Re3 Rd8 32. h4 Rd1+ 33. Kh2 Rfd8
34. Rg3 R8d7 35. Rcc3 Be4 36. h5 R1d3 37. Rcxd3 Bxd3 38. Bxg7 Kh7 39. Be5 Be2
40. Rh3 Rd3 41. Rxd3 Bxd3 42. g4 a5 43. Bc7 a4 44. Bb6 Kg7 45. Kg3 Be2 46. Kh4
Bd1 47. Bd4+ Kf7 48. Bc3 Bc2 49. Bd2 Kg7 50. g5 hxg5+ 51. Kxg5 Bd1 52. h6+ Kh7
53. f5 Bb3 54. Kf6 Bc2 55. Ke6 Bb3+ 56. Ke7 b5 57. f6 Kg8 58. h7+ Kxh7 59. f7
Bxf7 60. Kxf7 1-0

[Event "4th Al Ain Chess Classic"]
[Site "Al-Ain UAE"]
[Date "2015.12.26"]
[Round "5.24"]
[White "Malakhatko, Vadim"]
[Black "Das, Sayantan"]
[Result "1/2-1/2"]
[WhiteTitle "GM"]
[BlackTitle "IM"]
[WhiteElo "2531"]
[BlackElo "2411"]
[WhiteFideId "14104202"]
[BlackFideId "5034426"]
[EventDate "2015.12.23"]

1. c4 e6 2. Nf3 d5 3. g3 Nf6 4. Bg2 Be7 5. O-O O-O 6. d4 c6 7. Qc2 Nbd7 8. Bf4
Nh5 9. Bd2 Nhf6 10. Bf4 b6 11. cxd5 cxd5 12. Bc7 Qe8 13. Nc3 Ba6 14. Qa4 Nb8 15.
Qc2 Nc6 16. Rfc1 Rc8 17. Bf4 Qd7 18. Qa4 Bb7 19. Qd1 Nh5 20. Bd2 Nf6 21. Bg5 h6
22. Bxf6 Bxf6 23. e3 Na5 24. Ne2 Rxc1 25. Rxc1 Rc8 1/2-1/2

[Event "4th Al Ain Chess Classic"]
[Site "Al-Ain UAE"]
[Date "2015.12.26"]
[Round "5.25"]
[White "Pirverdiyev, Agil"]
[Black "Ankit, R. Rajpara"]
[Result "1/2-1/2"]
[BlackTitle "GM"]
[WhiteElo "2311"]
[BlackElo "2489"]
[WhiteFideId "13400568"]
[BlackFideId "5023335"]
[EventDate "2015.12.23"]

1. e4 c6 2. d4 d5 3. e5 Bf5 4. Nf3 e6 5. Be2 Ne7 6. O-O h6 7. Nbd2 Nd7 8. Nb3
Bg6 9. Bd2 Nf5 10. Ba5 b6 11. Bd2 Be7 12. c4 O-O 13. cxd5 cxd5 14. h3 Rc8 15.
Rc1 Nb8 16. Rxc8 Qxc8 17. Bc3 Nh4 18. Nxh4 Bxh4 19. Bb4 Re8 20. Bb5 Nc6 21. Qg4
Be7 22. Rc1 h5 23. Qe2 Bxb4 24. Bxc6 Rd8 25. Bxd5 Qb8 26. Bf3 h4 27. Be4 Bxe4
28. Qxe4 Be7 29. Qc6 a5 30. a4 Bg5 31. Rc3 Bf4 32. Qe4 Bg5 33. f4 Be7 34. f5
exf5 35. Qxf5 Qb7 36. Qf3 Qd7 37. Rc6 Bg5 38. Qe4 Be7 39. Kh2 Bb4 40. Rxb6 Qxa4
41. Qxh4 Re8 42. Qg3 Qa2 43. Qe3 Qb1 44. Rb7 Qf5 45. Nc1 Be7 46. Ne2 Bg5 47. Qf3
Qe6 48. Ng3 Rd8 49. Qe4 g6 50. Ne2 Qc4 51. h4 Bh6 52. Qf3 Qe6 53. Ra7 Kg7 54.
Rxa5 Rb8 55. Rc5 Rxb2 56. Rc6 Qf5 57. Qxf5 gxf5 58. Ng3 Bf4 59. Rc3 Rd2 60. Kh3
Bxg3 61. Rxg3+ Kh6 62. Rg5 Rd3+ 63. g3 f4 64. Rf5 fxg3 65. Rxf7 Rxd4 66. Kxg3
Re4 67. Rf5 Kg6 68. Rg5+ Kh6 69. Kh3 Rf4 70. Rg4 Rf3+ 71. Rg3 Rf4 72. Re3 Kg7
73. Kg3 Rd4 74. h5 Kf7 75. Rf3+ Ke6 76. Rf4 Rd3+ 77. Kg4 Kxe5 78. h6 Rd1 79. Rf8
Rh1 80. Kg5 Ke6 81. Rf4 Rg1+ 82. Kh5 Rh1+ 83. Kg6 Rg1+ 84. Kh7 Ke7 85. Rf5 Rg2
86. Kh8 Rg1 87. Ra5 Kf7 88. Ra7+ Kf8 89. Rg7 Rh1 90. Kh7 Rh2 91. Kg6 Rg2+ 92.
Kh7 Rh2 93. Rg4 Kf7 94. Rf4+ Ke7 1/2-1/2

[Event "4th Al Ain Chess Classic"]
[Site "Al-Ain UAE"]
[Date "2015.12.26"]
[Round "5.26"]
[White "Anton Guijarro, David"]
[Black "Bashirli, Nail"]
[Result "1/2-1/2"]
[WhiteTitle "GM"]
[BlackTitle "FM"]
[WhiteElo "2640"]
[BlackElo "2338"]
[WhiteFideId "2285525"]
[BlackFideId "13406809"]
[EventDate "2015.12.23"]

1. d4 Nf6 2. c4 e6 3. Nf3 b6 4. g3 Ba6 5. b3 Bb4+ 6. Bd2 Be7 7. Nc3 O-O 8. Bg2
c6 9. e4 d5 10. Qe2 Nbd7 11. O-O Rc8 12. Rfe1 Bb4 13. e5 Bxc3 14. Bxc3 Ne4 15.
Bb2 f5 16. Red1 f4 17. a4 Kh8 18. Rac1 Qe8 19. a5 b5 20. Ba3 Rf7 21. cxd5 exd5
22. Bc5 Nf8 23. Bxf8 Rxf8 24. Rc2 Rc7 25. Nd2 Ng5 26. Nf3 Ne4 27. Nd2 Ng5 28.
Nf3 Ne4 1/2-1/2

[Event "4th Al Ain Chess Classic"]
[Site "Al-Ain UAE"]
[Date "2015.12.26"]
[Round "5.27"]
[White "Kokol, Peter"]
[Black "Iordachescu, Viorel"]
[Result "1/2-1/2"]
[WhiteTitle "FM"]
[BlackTitle "GM"]
[WhiteElo "2363"]
[BlackElo "2600"]
[WhiteFideId "14604523"]
[BlackFideId "13900200"]
[EventDate "2015.12.23"]

1. e4 g6 2. d4 Bg7 3. Nc3 c6 4. Nf3 d6 5. Be3 Qb6 6. Qd2 Qxb2 7. Rb1 Qa3 8. Be2
Nf6 9. h3 O-O 10. O-O Qa5 11. Rfd1 Nbd7 12. a4 Qc7 13. Bh6 Re8 14. Bc4 d5 15.
Bxg7 Kxg7 16. exd5 Nb6 17. Ba2 Nbxd5 18. Ne2 a5 19. c4 Nb4 20. Bb3 b6 21. Ne5 c5
22. Qf4 cxd4 23. Nxd4 Qc5 24. Re1 Rf8 25. Rbd1 Ra7 26. Re3 Rb7 27. Rd2 Nh5 28.
Qe4 Nf6 29. Qf4 Ne8 30. Ng4 Bxg4 31. hxg4 Nf6 32. Rh3 Ng8 33. g5 Nc6 34. Qh4 h6
35. Nf3 Ne5 36. gxh6+ Kh8 37. Rd5 Nxf3+ 38. Rxf3 Qc6 39. Qd4+ Nf6 40. g4 Rd7 41.
Kg2 g5 42. Qe5 Rfd8 43. Rf5 Rxd5 44. cxd5 Qd6 45. Qxd6 Rxd6 46. Rxg5 Ng8 47. Rh5
Rxh6 48. Rxh6+ Nxh6 49. Kg3 f6 50. d6 exd6 51. Kf4 Kg7 52. Be6 Ng8 53. Bxg8 Kxg8
54. Ke4 Kf7 55. Kd5 Ke7 56. f4 Kd7 57. g5 fxg5 58. fxg5 Ke7 59. g6 Kf6 60. Kxd6
Kxg6 61. Kc6 Kf6 62. Kxb6 Ke7 63. Kxa5 Kd7 64. Kb6 Kc8 1/2-1/2

[Event "4th Al Ain Chess Classic"]
[Site "Al-Ain UAE"]
[Date "2015.12.26"]
[Round "5.28"]
[White "Sengupta, Deep"]
[Black "Zozulia, Anna"]
[Result "1-0"]
[WhiteTitle "GM"]
[BlackTitle "IM"]
[WhiteElo "2563"]
[BlackElo "2335"]
[WhiteFideId "5008352"]
[BlackFideId "14102110"]
[EventDate "2015.12.23"]

1. e4 d6 2. d4 Nf6 3. Nc3 g6 4. f4 Bg7 5. Nf3 O-O 6. e5 dxe5 7. fxe5 Nd5 8. Bc4
c6 9. O-O Na6 10. Nxd5 cxd5 11. Bb3 Bf5 12. Be3 Nb4 13. Ng5 Qd7 14. Qd2 Nc6 15.
Rae1 f6 16. Rxf5 gxf5 17. e6 Qd8 18. Nh3 Na5 19. Qd3 Nxb3 20. axb3 Qe8 21. Nf4
Bh6 22. Nxd5 Bxe3+ 23. Rxe3 f4 24. Nxf4 1-0

[Event "4th Al Ain Chess Classic"]
[Site "Al-Ain UAE"]
[Date "2015.12.26"]
[Round "5.29"]
[White "Gopal, G.N."]
[Black "Mammadova, Gulnar"]
[Result "1-0"]
[WhiteTitle "GM"]
[BlackTitle "WGM"]
[WhiteElo "2525"]
[BlackElo "2323"]
[WhiteFideId "5015693"]
[BlackFideId "13403508"]
[EventDate "2015.12.23"]

1. e4 g6 2. d4 Bg7 3. Nf3 d6 4. Bc4 Nf6 5. Qe2 d5 6. exd5 Nxd5 7. O-O O-O 8. h3
c6 9. Bb3 a5 10. c4 a4 11. Bc2 Nb4 12. Be4 f5 13. Bc2 Nxc2 14. Qxc2 b5 15. Bf4
Be6 16. Nbd2 bxc4 17. Nxc4 Bd5 18. Nfe5 e6 19. Qc1 Ra6 20. Bg5 Bf6 21. Bxf6 Qxf6
22. Ne3 Ra5 23. Qc3 Rb5 24. Rfc1 1-0

[Event "4th Al Ain Chess Classic"]
[Site "Al-Ain UAE"]
[Date "2015.12.26"]
[Round "5.30"]
[White "Abdulov, Orkhan"]
[Black "Neverov, Valeriy"]
[Result "0-1"]
[WhiteTitle "IM"]
[BlackTitle "GM"]
[WhiteElo "2356"]
[BlackElo "2516"]
[WhiteFideId "13402714"]
[BlackFideId "14100150"]
[EventDate "2015.12.23"]

1. e4 c5 2. Nf3 d6 3. d4 cxd4 4. Nxd4 Nf6 5. Nc3 a6 6. Be2 e6 7. O-O Be7 8. f4
Qc7 9. Kh1 O-O 10. Qe1 b5 11. Bf3 Bb7 12. e5 dxe5 13. fxe5 Nfd7 14. Bf4 Bxf3 15.
Nxf3 Nc6 16. Qg3 Kh8 17. Rae1 Nc5 18. Ne4 Nxe4 19. Rxe4 Rad8 20. Qh3 Kg8 21. Qg4
Kh8 22. Qh3 Kg8 23. Be3 Rd7 24. Qg4 Rfd8 25. Bh6 Bf8 26. Bg5 Ne7 27. Rfe1 0-1

[Event "4th Al Ain Chess Classic"]
[Site "Al-Ain UAE"]
[Date "2015.12.26"]
[Round "5.31"]
[White "Riff, Jean-Noel"]
[Black "Gadimbayli, Abdulla"]
[Result "1/2-1/2"]
[WhiteTitle "GM"]
[BlackTitle "FM"]
[WhiteElo "2507"]
[BlackElo "2320"]
[WhiteFideId "611190"]
[BlackFideId "13404938"]
[EventDate "2015.12.23"]

1. e4 e6 2. d4 d5 3. Nd2 Nf6 4. e5 Nfd7 5. Bd3 c5 6. c3 Nc6 7. Ngf3 Be7 8. O-O
h5 9. Qe2 g5 10. dxc5 Nxc5 11. Bc2 Qc7 12. Re1 b6 13. Nd4 Ba6 14. Qe3 Nxd4 15.
cxd4 Nd7 16. Ba4 O-O-O 17. Nf3 b5 18. Bb3 Rdg8 19. Bd2 Kb8 20. Rec1 Qb7 21. Ne1
Nb6 22. Nd3 Nc4 23. Qe1 Nxd2 24. Qxd2 Rc8 25. Nb4 Qb6 26. Bd1 Bb7 27. Rxc8+ Kxc8
28. Be2 Kb8 29. Nc2 a5 30. Qd3 Bc6 31. Rc1 b4 32. Qa6 1/2-1/2

[Event "4th Al Ain Chess Classic"]
[Site "Al-Ain UAE"]
[Date "2015.12.26"]
[Round "5.32"]
[White "Debashis, Das"]
[Black "Aradhya, Garg"]
[Result "0-1"]
[WhiteTitle "GM"]
[WhiteElo "2505"]
[BlackElo "2316"]
[WhiteFideId "5024854"]
[BlackFideId "25006746"]
[EventDate "2015.12.23"]

1. e4 e5 2. Nf3 Nc6 3. Bb5 a6 4. Ba4 d6 5. O-O Bd7 6. c3 Nge7 7. d4 Ng6 8. d5
Nb8 9. Bxd7+ Nxd7 10. c4 Be7 11. g3 h6 12. Nc3 Bg5 13. Nxg5 hxg5 14. Qa4 Nf4 15.
gxf4 exf4 16. Qc2 Ne5 17. f3 Qf6 18. Bd2 g4 19. fxg4 g5 20. Be3 f3 21. Bd4 Qf4
22. Qf2 Rh3 23. Bxe5 dxe5 24. Kh1 O-O-O 25. Qc2 Rdh8 26. Rf2 Qxg4 27. Raf1 Qh5
28. Rg1 g4 29. d6 g3 30. d7+ Kd8 0-1